000 00217nam a22000857a 4500
008 161116b xxu||||| |||| 00| 0 eng d
100 _91243
_aBPI India
245 _aThe Dancing Monkeys
260 _aNew Delhi
_bBPI India
_c2011
999 _c3948
_d3948